| 000 | 01218 a2200301 4500 | ||
|---|---|---|---|
| 003 | OSt | ||
| 005 | 20240730143547.0 | ||
| 008 | 120525t xxu||||| |||| 00| 0 eng d | ||
| 020 | _a1875498508 (hardcover) | ||
| 020 | _a9781875498505 (hardcover) | ||
| 040 | _c0 | ||
| 082 | 0 | 4 | _a720.973 |
| 245 | 1 | 0 |
_aMitchell/giurgola architects : _bselected and current works 1982-1996 / _cStephen Dobney, Mildred F. Schmertz. |
| 250 | _a1st ed ed. | ||
| 260 |
_aVictoria: _bImages Publishing, _c1996. |
||
| 300 |
_a256 p. : _bill.; _c31 cm. |
||
| 490 | 1 | _aThe master architect series ii. | |
| 520 | _aFrom 1995 to the present significant projects for public institutional academic and corporate clients have been featured. | ||
| 650 |
_aArchitecture, American _932858 |
||
| 650 |
_aArchitecture _zUnited States _932643 |
||
| 650 |
_aNeoclassicism (Architecture) _zUnited States _932981 |
||
| 700 | 1 |
_aDobney, Stephen. _932836 |
|
| 700 | 1 |
_aSchmertz, Mildred F. _932982 |
|
| 830 | 4 |
_aThe master architect series ii. _92199 |
|
| 856 | 4 | 0 |
_3Amazon.com _uhttp://www.amazon.com/exec/obidos/ASIN/1875498508/chopaconline-20 |
| 942 |
_aSADA _cREF _k720.973 MIT 1996 _2ddc |
||
| 999 |
_c352565 _d352565 |
||